| Tag |
First Indicator |
Second Indicator |
Subfields |
| LEADER |
00000cam a2200000La 4500 |
| 001 |
in00001759513 |
| 005 |
20190325104638.0 |
| 006 |
m u |
| 007 |
cr cn| |
| 008 |
000814s2000 ksua sb 000 0 eng d |
| 020 |
|
|
|a 058525091X (electronic bk.)
|
| 020 |
|
|
|a 9780585250915 (electronic bk.)
|
| 035 |
|
|
|a (OCoLC)ocm44965923
|
| 035 |
|
|
|a (OCoLC)44965923
|
| 040 |
|
|
|a N$T
|c N$T
|d OCL
|d OCLCQ
|d UtOrBLW
|
| 043 |
|
|
|a n-us---
|
| 049 |
|
|
|a TXAM
|
| 050 |
1 |
4 |
|a GV735
|b .K47 2000eb
|
| 100 |
1 |
|
|a Kerkhoff, Blair,
|d 1959-
|
| 245 |
1 |
0 |
|a Upon further review :
|b controversy in sports officiating /
|c Blair Kerkhoff.
|
| 264 |
|
1 |
|a Lenexa, KS :
|b Addax Pub. Group,
|c [2000]
|
| 264 |
|
4 |
|c ©2000
|
| 300 |
|
|
|a 255 pages :
|b illustrations ;
|c 24 cm.
|
| 336 |
|
|
|a text
|b txt
|2 rdacontent
|
| 337 |
|
|
|a computer
|b c
|2 rdamedia
|
| 338 |
|
|
|a online resource
|b cr
|2 rdacarrier
|
| 504 |
|
|
|a Includes bibliographical references (pages 253-254).
|
| 533 |
|
|
|a Electronic reproduction.
|b Boulder, Colo. :
|c NetLibrary,
|d 2000.
|n Available via the World Wide Web.
|n Available in multiple electronic file formats.
|n Access may be limited to NetLibrary affiliated libraries.
|
| 500 |
|
|
|a Electronic resource.
|
| 650 |
|
0 |
|a Sports officiating
|z United States.
|
| 655 |
|
7 |
|a Electronic books.
|2 local
|
| 710 |
2 |
|
|a NetLibrary, Inc.
|
| 776 |
1 |
|
|c Original
|z 1886110840
|w (DLC) 99055083
|w (OCoLC)42708204
|
| 856 |
4 |
0 |
|u http://proxy.library.tamu.edu/login?url=http://www.netLibrary.com/urlapi.asp?action=summary&v=1&bookid=24480
|z Connect to the full text of this electronic book
|t 0
|
| 994 |
|
|
|a 92
|b TXA
|
| 999 |
|
|
|a MARS
|
| 999 |
f |
f |
|s 684ef0ab-4267-36ff-9f7a-59fe402ed841
|i 5bc5ec1a-0fd7-3dd9-b9cb-f1c0b5d4fe3a
|t 0
|
| 952 |
f |
f |
|a Texas A&M University
|b College Station
|c Electronic Resources
|d Available Online
|t 0
|e GV735 .K47 2000eb
|h Library of Congress classification
|
| 998 |
f |
f |
|a GV735 .K47 2000eb
|t 0
|l Available Online
|